| 000 | 00736nam a22002057a 4500 | ||
|---|---|---|---|
| 005 | 20250313142234.0 | ||
| 010 | _aHIN-129490 | ||
| 020 |
_c300.00 _a9789353792749 |
||
| 035 | _aHN-101836 | ||
| 037 | _bDBAD | ||
| 082 | _a658.8 | ||
| 100 |
_aजैन, पायल _979612 |
||
| 245 |
_aविपणन प्रबंधन/ _cवेद प्रकाश शर्मा _bMCO-6 |
||
| 250 | _aप्रथम | ||
| 260 |
_aदिल्ली _bनीरज पब्लिकेशन |
||
| 270 | _a1507, नई सड़क, दिल्ली-110006 | ||
| 300 |
_a219पृ.; _c24 सेमी (अजिल्द) |
||
| 700 |
_aपायल जैन _979574 |
||
| 942 |
_2ddc _cHN _h658.8 _mजैनपा |
||
| 999 |
_c210292 _d210292 |
||